| 000 | 00741nam a22001937a 4500 | ||
|---|---|---|---|
| 008 | 171207b xxu||||| |||| 00| 0 eng d | ||
| 020 | _a0153106972 | ||
| 082 |
_21999 _aDC 510 _bB95m |
||
| 100 |
_924392 _aBurton,Grace M .,author. |
||
| 245 |
_aMath advantage : preparation for algebra / _cGrace M. Burton, Evan M. Maletsky, George W. Bright. |
||
| 260 |
_aOrlando : _b Harcourt Brace, _c©1999. |
||
| 300 |
_axxii, 558 pages : _bcolored illustrations ; _c26 cm. |
||
| 500 | _aIncludes index. | ||
| 650 | 0 |
_924394 _a Mathematics _vStudy and teaching (Elementary). |
|
| 650 | 0 |
_924395 _aAlgebra _vStudy and teaching (Elementary). |
|
| 700 |
_924396 _aMaletsky, Evan M.,author. |
||
| 700 |
_924397 _aBright, George W.,author. |
||
| 942 |
_2ddc _cDC |
||
| 999 |
_c7942 _d7942 |
||